Les plus gros transferts du football - Défenseurs centraux - 2012-2013 - Statistiques

Statistiques générales
  • Ce quiz a été pris 32 fois
  • Le résultat moyen est 4 sur 11
Statistiques - réponses
Montant de transfert (M €) Nationalité Venant de Allant à Joueur % Correct
42,00 Brésil AC Milan Paris SG Thiago Silva
100%
40,00 Belgique Benfica Zenti S-Pb Axel Witsel
74%
12,50 Belgique Ajax Tottenham Jan Vertonghen
61%
8,00 Uruguay FC Sevilla Juventus Turin Martín Cáceres
42%
8,00 France Montpellier Newcastle United Mapou Yanga-Mbiwa
29%
15,20 Serbie Fiorentina Manchester City Matija Nastasic
26%
15,00 République du Congo Anzhi QPR Christopher Samba
23%
7,00 Croatie Tottenham Loko Moscou Vedran Corluka
16%
7,00 Allemagne 1.FC Nürnberg B. Leverkusen Philipp Wollscheid
3%
10,00 Espagne Atlético Madrid Bor. M'gladbach Álvaro Domínguez
0%
15,00 Angleterre FC Everton Manchester City Jack Rodwell
0%
Aucun quiz correspondant
Distribution des résultats
% des personnes avec chaque résultat
Percentile par nombre de réponses
Votre historique - résultats
Vous n’avez pas pris ce quiz